[Event "LSS BI-2010-P-00009"]
[Site "LSS email"]
[Date "2010.04.19"]
[Round "?"]
[White "Guimaraes, Joao"]
[Black "Belanoff, Stuart B"]
[Result "0-1"]
[WhiteElo "1118"]
[BlackElo "2298"]
[PlyCount "35"]
[EventDate "2010.04.22"]
[EventType "tourn (corr)"]
[EventRounds "10"]
[EventCountry "GER"]
[SourceTitle "Telechess CBM 141"]
[Source "ChessBase"]
[SourceDate "2011.03.17"]
[SourceVersion "1"]
[SourceVersionDate "2011.03.17"]
[SourceQuality "1"]

1. e4 e5 2. Nf3 Nc6 3. Bb5 a6 4. Ba4 Nf6 5. 0-0 Be7 6. Re1 b5 7. Bb3 d6 8. c3 0-0 9. h3 Na5 10. Bc2 c5 11. d4 Qc7 12. Nbd2 Nc6 13. d5 Nd8 14. a4 Rb8 15. axb5 axb5 16. c4 b4 17. Nh4 g6 18. Nb3 0-1

[Event "LSS BI-2010-P-00009"]
[Site "LSS email"]
[Date "2010.04.19"]
[Round "?"]
[White "Guimaraes, Joao"]
[Black "Grkinic, Goran"]
[Result "0-1"]
[WhiteElo "1120"]
[BlackElo "1978"]
[PlyCount "21"]
[EventDate "2010.04.22"]
[EventType "tourn (corr)"]
[EventRounds "10"]
[EventCountry "GER"]
[SourceTitle "Corr 2015"]
[Source "ChessBase"]
[SourceDate "2015.07.17"]
[SourceVersion "1"]
[SourceVersionDate "2015.07.17"]
[SourceQuality "1"]

1. e4 e5 2. Nf3 Nf6 3. d4 Nxe4 4. Bd3 d5 5. Nxe5 Nd7 6. Nxd7 Bxd7 7. 0-0 Bd6 8. c4 c6 9. cxd5 cxd5 10. Nc3 Nxc3 11. bxc3 0-1

[Event "OP-2010-0-01056"]
[Site "LSS email"]
[Date "2010.02.20"]
[Round "?"]
[White "Slamenik, Jan"]
[Black "Guimaraes, Joao"]
[Result "1/2-1/2"]
[WhiteElo "800"]
[BlackElo "1120"]
[PlyCount "54"]
[EventDate "2010.01.17"]
[EventType "tourn (corr)"]
[EventRounds "4"]
[EventCountry "GER"]
[SourceTitle "Telechess CBM 147"]
[Source "ChessBase"]
[SourceDate "2012.03.16"]
[SourceVersion "1"]
[SourceVersionDate "2012.03.16"]
[SourceQuality "1"]

1. e4 c6 2. d4 d5 3. e5 c5 4. dxc5 Nc6 5. Bb5 e6 6. Be3 Nge7 7. c3 Bd7 8. Bxc6 Bxc6 9. Nf3 Nf5 10. Bd4 Be7 11. 0-0 0-0 12. Nbd2 Qc7 13. a4 Bd7 14. Qb3 Rab8 15. Qa3 a5 16. Rfc1 Rfc8 17. Nb3 Ra8 18. h3 h6 19. Qa2 Qd8 20. Rd1 Bf8 21. Rd2 Be7 22. Kh2 Qf8 23. Ne1 Qd8 24. f4 b5 25. cxb6 Rc4 26. Qb1 Bxa4 27. Nxa5 Rxa5 1/2-1/2

[Event "OP-2010-0-01056"]
[Site "LSS email"]
[Date "2010.01.21"]
[Round "?"]
[White "Guimaraes, Joao"]
[Black "Shivdasani, Vijay A"]
[Result "1/2-1/2"]
[WhiteElo "1152"]
[BlackElo "2149"]
[PlyCount "69"]
[EventDate "2010.01.17"]
[EventType "tourn (corr)"]
[EventRounds "4"]
[EventCountry "GER"]
[SourceTitle "Corr 2013"]
[Source "ChessBase"]
[SourceDate "2012.11.12"]
[SourceVersion "1"]
[SourceVersionDate "2012.11.12"]
[SourceQuality "1"]

1. e4 c5 2. Nf3 d6 3. d4 cxd4 4. Nxd4 Nf6 5. Nc3 a6 6. Be3 e5 7. Nb3 Be6 8. f3 Be7 9. Qd2 0-0 10. 0-0-0 Nbd7 11. g4 b5 12. g5 Nh5 13. Kb1 Nb6 14. Nd5 Nxd5 15. exd5 Bd7 16. Na5 Qc7 17. Rg1 Rac8 18. c4 Nf4 19. cxb5 axb5 20. Bxf4 exf4 21. Bd3 g6 22. h4 Qb6 23. Rge1 Rfe8 24. Nc6 Bxc6 25. dxc6 Qxc6 26. Be4 Qd7 27. Qxf4 Bf8 28. h5 d5 29. Qd2 Rc5 30. h6 b4 31. Bc2 Rec8 32. Rc1 Rc4 33. f4 Qc6 34. Re5 Rc5 35. Ree1 1/2-1/2

[Event "IECG QE.2009.0.00118"]
[Site "IECG email"]
[Date "2009.06.16"]
[Round "1"]
[White "Guimaraes, Joao"]
[Black "Cuaycong, Virgilio"]
[Result "0-1"]
[WhiteElo "1360"]
[BlackElo "1364"]
[PlyCount "20"]
[EventDate "2009.06.16"]
[EventType "tourn (corr)"]
[EventRounds "6"]
[SourceTitle "Corr 2024"]
[Source "ChessBase"]
[SourceDate "2023.10.19"]
[SourceVersion "1"]
[SourceVersionDate "2023.10.19"]
[SourceQuality "1"]

1. e4 e5 2. Nf3 Nf6 3. d4 Nxe4 4. Bd3 d5 5. Nxe5 Nd7 6. Nxd7 Bxd7 7. 0-0 Bd6 8. c4 c6 9. cxd5 cxd5 10. Nc3 Nxc3 0-1

[Event "LSS SC-2009-0-00025"]
[Site "LSS email"]
[Date "2009.02.23"]
[Round "?"]
[White "Jostov, Keylah"]
[Black "Guimaraes, Joao"]
[Result "1-0"]
[WhiteElo "1412"]
[BlackElo "1426"]
[PlyCount "41"]
[EventDate "2009.01.06"]
[EventType "tourn (corr)"]
[EventRounds "6"]
[EventCountry "GER"]
[SourceTitle "Corr 2011"]
[Source "ChessBase"]
[SourceDate "2010.08.31"]
[SourceVersion "1"]
[SourceVersionDate "2010.08.31"]
[SourceQuality "1"]

1. b4 c6 2. Bb2 d5 3. e3 Qb6 4. a3 a5 5. Nf3 axb4 6. Bd4 Qc7 7. axb4 Rxa1 8. Bxa1 Nd7 9. c4 e6 10. Qb3 Ngf6 11. d4 dxc4 12. Bxc4 Nd5 13. 0-0 Nxb4 14. Nbd2 Be7 15. e4 0-0 16. Bc3 Na6 17. Re1 b5 18. Bd3 e5 19. Bb1 exd4 20. Nxd4 Nac5 21. Qc2 1-0

[Event "LSS SC-2009-0-00025"]
[Site "LSS email"]
[Date "2009.02.22"]
[Round "?"]
[White "Prata, Jorge"]
[Black "Guimaraes, Joao"]
[Result "1-0"]
[WhiteElo "2021"]
[BlackElo "1426"]
[PlyCount "43"]
[EventDate "2009.01.06"]
[EventType "tourn (corr)"]
[EventRounds "6"]
[EventCountry "GER"]
[SourceTitle "Corr 2011"]
[Source "ChessBase"]
[SourceDate "2010.08.31"]
[SourceVersion "1"]
[SourceVersionDate "2010.08.31"]
[SourceQuality "1"]

1. e4 e5 2. Nf3 Nc6 3. Bc4 Bc5 4. b4 Bxb4 5. c3 Be7 6. d4 Na5 7. Be2 d6 8. Qa4+ c6 9. dxe5 dxe5 10. Nxe5 Nf6 11. 0-0 b5 12. Qc2 Qc7 13. f4 0-0 14. Be3 Bd6 15. Bd4 c5 16. Bf2 Bb7 17. Nd2 Nc6 18. Nef3 Bxf4 19. g3 Bh6 20. Bxb5 Ne5 21. Nxe5 Qxe5 22. Rad1 1-0

[Event "LSS SC-2009-0-00025"]
[Site "LSS email"]
[Date "2009.02.22"]
[Round "?"]
[White "Schalkwijk, Peter H"]
[Black "Guimaraes, Joao"]
[Result "1/2-1/2"]
[WhiteElo "1464"]
[BlackElo "800"]
[PlyCount "41"]
[EventDate "2009.01.06"]
[EventType "tourn (corr)"]
[EventRounds "6"]
[EventCountry "GER"]
[SourceTitle "Corr 2011"]
[Source "ChessBase"]
[SourceDate "2010.08.31"]
[SourceVersion "1"]
[SourceVersionDate "2010.08.31"]
[SourceQuality "1"]

1. e4 e5 2. Nf3 Nc6 3. d4 exd4 4. c3 dxc3 5. Bc4 Bb4 6. 0-0 Nf6 7. bxc3 Bc5 8. e5 d5 9. exf6 dxc4 10. Re1+ Kf8 11. Qxd8+ Nxd8 12. Nbd2 Ne6 13. Ne4 b6 14. Ne5 h5 15. Nxc4 gxf6 16. Nxf6 Kg7 17. Ne4 Bb7 18. Nxc5 Nxc5 19. Be3 Ne6 20. a4 Rhd8 21. Rad1 1/2-1/2